Catálogo

ANUARIO 2003 LOS HECHOS (Registro nro. 45995)

Detalles MARC
000 -LEADER
fixed length control field 00940nam a2200193 a 4500
001 - CONTROL NUMBER
control field 45995
005 - DATE AND TIME OF LATEST TRANSACTION
control field 20180714025409.0
008 - FIXED-LENGTH DATA ELEMENTS--GENERAL INFORMATION
fixed length control field 140415s2004 sp 000 0 spa d
020 ## - INTERNATIONAL STANDARD BOOK NUMBER
International Standard Book Number 8467407336
041 ## - LANGUAGE CODE
Language code of text/sound track or separate title spa
082 ## - DEWEY DECIMAL CLASSIFICATION NUMBER
Classification number 036.106
Item number ANU
245 00 - TITLE STATEMENT
Title ANUARIO 2003 LOS HECHOS
250 ## - EDITION STATEMENT
Edition statement 1a ed.
260 ## - PUBLICATION, DISTRIBUTION, ETC.
Place of publication, distribution, etc. ESPAÑA :
Name of publisher, distributor, etc. PLANETA-DE AGOSTINI,
Date of publication, distribution, etc. 2004
300 ## - PHYSICAL DESCRIPTION
Extent 285
Dimensions 31 x 24 x 4
500 ## - GENERAL NOTE
General note 1 DVD, 1 CD
520 ## - SUMMARY, ETC.
Summary, etc. CON EL ÚLTIMO DIA DEL AÑO SE CIERRA, COMO SIEMPRE, EL ANUARIO. HASTA EL ÚLTIMO MOMENTO SUS PAGINAS MANTIENEN ABIERTAS, PENDIENTES DE LA ACTUALIDAD, DE LA NOTICIA QUE PUEDE MODIFICAR LA IMAGEN DEL LIBRO. AFINES DE 2003 LA CONMOCION POR EL HORROR DE LOS MILES DE MUERTOS Y LA DESTRUCCIŇN CAUSADA POR EL TERREMOTO QUE ASOLŇ LA CIUDAD IRANÄš DE BAM DABA PASO A LA TRAGEDIA DE LOS QUE SE HABIAN QUEDADO SI NADA. FUE EL ÚLTIMO GRAN SUCESO DEL AÑO.
650 14 - SUBJECT ADDED ENTRY--TOPICAL TERM
Topical term or geographic name entry element ANUARIOS
General subdivision HISTORIA
-- ANUARIOS
Existencias
Withdrawn status Lost status Source of classification or shelving scheme Damaged status Not for loan Collection code Home library Current library Shelving location Date acquired Source of acquisition Inventory number Total Checkouts Full call number Barcode Date last seen Price effective from Koha item type
    Dewey Decimal Classification     Referencia Biblioteca Karol Wojtyla Biblioteca Karol Wojtyla Área de silencio 03/12/2013 Compra 151000000000000000071830   '036.106 ANU 69000 05/01/2026 03/12/2013 Libro R